Tập dưỡng sinh giảm stress
Quyển sách cung cấp những kiến thức, kèm theo những hình ảnh minh họa các động tác thể dục giảm áp lực, dưỡng sinh 24 giờ, thể dục thư giãn cho các bạn nữ nhằm mục đích giữ vóc dáng và sự tươi trẻ....
保存先:
| 第一著者: | |
|---|---|
| フォーマット: | 図書 |
| 言語: | Undetermined |
| 出版事項: |
Hà Nội
Mỹ thuật
2006
|
| 主題: | |
| タグ: |
タグ追加
タグなし, このレコードへの初めてのタグを付けませんか!
|
| Thư viện lưu trữ: | Trung tâm Học liệu Trường Đại học Cần Thơ |
|---|
| LEADER | 00852nam a2200205Ia 4500 | ||
|---|---|---|---|
| 001 | CTU_112956 | ||
| 008 | 210402s9999 xx 000 0 und d | ||
| 020 | |c 15000 | ||
| 082 | |a 613.7046 | ||
| 082 | |b K600 | ||
| 100 | |a Tề, Kỳ | ||
| 245 | 0 | |a Tập dưỡng sinh giảm stress | |
| 245 | 0 | |c Tề Kỳ ; Mộc Trạch | |
| 260 | |a Hà Nội | ||
| 260 | |b Mỹ thuật | ||
| 260 | |c 2006 | ||
| 520 | |a Quyển sách cung cấp những kiến thức, kèm theo những hình ảnh minh họa các động tác thể dục giảm áp lực, dưỡng sinh 24 giờ, thể dục thư giãn cho các bạn nữ nhằm mục đích giữ vóc dáng và sự tươi trẻ. | ||
| 650 | |a Yoga,Self-care, health | ||
| 904 | |i Minh | ||
| 980 | |a Trung tâm Học liệu Trường Đại học Cần Thơ | ||